| 000 | 00481nam a22001457a 4500 | ||
|---|---|---|---|
| 082 | _a621.3 | ||
| 100 | _aHussain, Tahir | ||
| 245 |
_aHW Implementation of Deblocking Filter for H.264 for real time Application / _cTahir Hussain |
||
| 260 |
_aIslamabad : _bCEME - NUST, _c2014. |
||
| 300 |
_a48 p. ; _c30cm. |
||
| 650 |
_aElectrical Engineering-MS-Thesis _916073 |
||
| 700 |
_aDr. Qaiser Chaudry _932968 |
||
| 942 |
_2ddc _cTHE |
||
| 999 |
_c537896 _d537896 |
||